000 00684nam a22001817i 4500
999 _c22965
_d22965
003 AR-CdUCM
008 240807b20232023 pe||||| |||| 00| 0 spa d
040 _aMUNICIPALIDAD PROVINCIAL DEL CUSCO
_cBIBLIOTECA MUNICIPAL DEL CUSCO
082 _aSI / 803 / P59T
_bP59T
100 _aPineda Espinoza, Gerardo Andrés.
_950146
245 _aLos tres Cuycitos /
260 _aCusco :
_bMunicipalidad Provincial del Cusco,
_bGestión del riesgo de desastres del Centro Histórico del Cusco,
_c2023.
300 _a14 páginas. :
_bIlustraciones en color,
_c20 cm.
650 _aCuento infantil
_950147
650 _aComprensión lectora
_94534
942 _2ddc
_cLIBROS
945 _apbj
_d2024-08-07